000 01199nmm a2200397 a 4500
003 AR-BaBNM
005 20251128202830.0
008 056019s1959 ||||||||||||||000 | spa||
040 _cAR-BaBNM
245 1 0 _aFolklore argentino
260 _aBuenos Aires
_bEditorial Nova
_c1959
300 0 _a397 p.
_bmapas
500 0 _aContiene índice de los temas
500 0 _aMapas de área de la cultura criolla en Argentina en 1810 y de distribución de los topónimos derivados de lenguas indígenas
650 4 _aCOSTUMBRES Y TRADICIONES
650 4 _aFESTIVIDADES
650 4 _aANTROPOLOGIA CULTURAL Y SOCIAL
650 4 _aSUPERSTICION
650 4 _aANALISIS LITERARIO
650 4 _aLENGUAS AMERINDIAS
650 4 _aMEDICAMENTOS
650 4 _aMEDICINA POPULAR
650 4 _aLITERATURA FOLKLORICA
651 4 _aArgentina
700 1 _aImbelloni, José
700 1 _aJacovella, Bruno C.
700 1 _aChertudi, Susana
700 1 _aCortazar, Augusto Raúl
700 1 _aColuccio, Félix
700 1 _aVivante, Armando
700 1 _aMillán de Palavecino, María Delia
700 1 _aPalavecino, Enrique
700 1 _aNardi, Ricardo L.J.
942 _cBK
998 _cisola
999 _c791
_d791